Southville International School and Colleges
Your cart is empty.
  • Cart
  • Lists
    Public lists Eva Luna New books Lux_list list_1
    Your lists Log in to create your own lists
  • Log in to your account
  • Your cookies
  • Search history
Southville International School and Colleges
  • Advanced search
  • Recent comments
  • Most popular
  • Libraries

Log in to your account

Log in with GOOGLE


If you do not have an external account, but do have a local account, you can still log in:

  1. Home
  2. MARC view: The bamboo dancers /
Normal view MARC view ISBD view

The bamboo dancers / (Record no. 23150)

[ view plain ]
MARC details
000 -LEADER
fixed length control field 00459nam a2200169 a 4500
005 - DATE AND TIME OF LATEST TRANSACTION
control field 20140310183442.0
008 - FIXED-LENGTH DATA ELEMENTS--GENERAL INFORMATION
fixed length control field 080716s19uu xx 00 eng d
020 ## - INTERNATIONAL STANDARD BOOK NUMBER
International Standard Book Number 9715690572
050 ## - LIBRARY OF CONGRESS CALL NUMBER
Classification number PL 5531
Item number .G643 1993
100 ## - MAIN ENTRY--PERSONAL NAME
Personal name Gonzalez, N.V.M.
245 ## - TITLE STATEMENT
Title The bamboo dancers /
Statement of responsibility, etc N.V.M. Gonzalez
260 ## - PUBLICATION, DISTRIBUTION, ETC. (IMPRINT)
Place of publication, distribution, etc Manila :
Name of publisher, distributor, etc Bookmark,
Date of publication, distribution, etc 1993.
300 ## - PHYSICAL DESCRIPTION
Extent 358 p. :
Dimensions 18 cm.
650 ## - SUBJECT ADDED ENTRY--TOPICAL TERM
Topical term or geographic name as entry element Filipino literacy classics.
942 ## - ADDED ENTRY ELEMENTS (KOHA)
Koha item type Books
Source of classification or shelving scheme Library of Congress Classification
Call number prefix Rare Filipiniana
Holdings
Withdrawn status Lost status Source of classification or shelving scheme Damaged status Home library Current library Shelving location Date acquired Source of acquisition Total Checkouts Full call number Barcode Date last seen Copy number Price effective from Koha item type
    Library of Congress Classification   College Library College Library Filipiniana Section 07/16/2008     PL 5531 .G643 1993 C9564 05/08/2018 1 10/18/2013 Books

The bamboo dancers /

APA

Gonzalez N., . (1993). The bamboo dancers. Manila: Bookmark.

Chicago

Gonzalez N.V.M, . 1993. The bamboo dancers. Manila: Bookmark.

Harvard

Gonzalez N., . (1993). The bamboo dancers. Manila: Bookmark.

MLA

Gonzalez N.V.M, . The bamboo dancers. Manila: Bookmark. 1993.

  • Place hold
  • Print
  • Cite
  • Add to your cart (remove)
  • Save record
    BIBTEX Dublin Core MARCXML MARC (non-Unicode/MARC-8) MARC (Unicode/UTF-8) MARC (Unicode/UTF-8, Standard) MODS (XML) RIS
  • More searches
    Search for this title in:
    Other Libraries (WorldCat) Other Databases (Google Scholar) Online Stores (Bookfinder.com) Open Library (openlibrary.org)

Exporting to Dublin Core...

SOUTHVILLE LIBRARY

Southville International School and Colleges Library

1281 Tropical Ave. Cor. Luxembourg St., BF Homes International, Las Pinas City

Tel. No. 8256374 / 252358 Loc. 117/146

Powered by Koha